[Event "3. Arber-Open 2014"]
[Site "Bayerisch Eisenstein"]
[Date "2014.08.19"]
[Round "4.26"]
[White "Hubel, Hans-Martin"]
[Black "Jenisch, Achim"]
[Result "0-1"]
[WhiteElo "1795"]
[BlackElo "1830"]
[PlyCount "108"]
[EventDate "2014.??.??"]
[WhiteTeam "SF Birkenfeld"]
[BlackTeam "SF Botv. Steinsfurt"]

1. e4 e6 2. d4 d5 3. Nd2 Nc6 4. Ne2 Nf6 5. e5 Nd7 6. Nf3 f6 7. exf6 Nxf6 8. c3
Bd6 9. Ng5 h6 10. Nf3 Qe7 11. Nf4 Bxf4 12. Bxf4 O-O 13. Ne5 Nxe5 14. Bxe5 c5
15. Bd3 cxd4 16. O-O dxc3 17. bxc3 Nd7 18. Bd4 e5 19. Be3 b6 20. a4 Nf6 21. a5
e4 22. Bb5 bxa5 23. Rxa5 Qc7 24. Ra3 Be6 25. Be2 Nd7 26. Qd4 a5 27. c4 dxc4 28.
Bxh6 gxh6 29. Rg3+ Kf7 30. Rg7+ Ke8 31. Qxe4 Ra6 32. Rd1 Qe5 33. Qg6+ Kd8 34.
Bxc4 Bxc4 35. Rgxd7+ Kc8 36. Qb1 Qb5 37. Qh7 Qc5 38. R7d2 Raf6 39. Qd7+ Kb8 40.
Rb1+ Rb6 41. Rbd1 Bb5 42. Qg7 Rc8 43. h3 a4 44. Rd5 Qc4 45. Qe5+ Kb7 46. Rb1
Bc6 47. Rxb6+ Kxb6 48. Qe3+ Kb7 49. Rc5 Qb4 50. Qe7+ Rc7 51. Qd6 Qe4 52. Qg3
Qd4 53. Rc1 Rg7 54. Rb1+ Ka6 0-1

[Event "3. Arber-Open 2014"]
[Site "Bayerisch Eisenstein"]
[Date "2014.08.19"]
[Round "4.27"]
[White "Kleinhenz, Hans-Georg"]
[Black "Fäth, Christian"]
[Result "1-0"]
[WhiteElo "1837"]
[BlackElo "1070"]
[PlyCount "67"]
[EventDate "2014.??.??"]
[WhiteTeam "Stolberger SV 1927"]
[BlackTeam "SF Sailauf"]

1. d4 d5 2. c4 e6 3. g3 Nf6 4. Bg2 b6 5. Qa4+ Nbd7 6. Nf3 Be7 7. Ne5 Bb7 8. Nc6
Bxc6 9. Qxc6 O-O 10. Nc3 e5 11. O-O a6 12. Nxd5 Ra7 13. Be3 Nb8 14. Nxe7+ Qxe7
15. Qa4 Ng4 16. Qb3 exd4 17. Bxd4 Nd7 18. Bf3 Nge5 19. Bd5 Nf6 20. Bg2 Rd8 21.
Qc3 Ned7 22. Bc6 Ne8 23. Rad1 f6 24. Rd3 Nd6 25. c5 Ne4 26. Qb3+ Kh8 27. cxb6
Nxb6 28. Bxb6 Rxd3 29. Qxd3 cxb6 30. Qxe4 Qxe4 31. Bxe4 a5 32. Rc1 Kg8 33. Rc8+
Kf7 34. Rb8 1-0

[Event "3. Arber-Open 2014"]
[Site "Bayerisch Eisenstein"]
[Date "2014.08.19"]
[Round "4.28"]
[White "Drews, Rüdiger"]
[Black "Trinkl, Andreas"]
[Result "1-0"]
[WhiteElo "1899"]
[BlackElo "1817"]
[PlyCount "53"]
[EventDate "2014.??.??"]
[WhiteTeam "Mosbacher SC von 1931"]
[BlackTeam "SV 1947 Walldorf"]

1. d4 Nf6 2. c4 g6 3. Nc3 d5 4. cxd5 Nxd5 5. e4 Nxc3 6. bxc3 Bg7 7. Bc4 c5 8.
Ne2 O-O 9. O-O Nc6 10. Be3 cxd4 11. cxd4 Na5 12. Bd3 Nc6 13. Bc4 Na5 14. Bd3
Nc6 15. Bb5 Bd7 16. Qd2 a6 17. Ba4 b5 18. Bb3 Na5 19. Rac1 Nxb3 20. axb3 a5 21.
Bh6 b4 22. Rc5 Qb6 23. Bxg7 Kxg7 24. Nf4 e6 25. h4 Rac8 26. Nh5+ gxh5 27. Qg5+
1-0

[Event "3. Arber-Open 2014"]
[Site "Bayerisch Eisenstein"]
[Date "2014.08.20"]
[Round "5.1"]
[White "Möhn, Hans"]
[Black "Hausner, Ivan"]
[Result "0-1"]
[WhiteElo "2226"]
[BlackElo "2350"]
[PlyCount "110"]
[EventDate "2014.??.??"]
[WhiteTeam "USV TU Dresden"]
[BlackTeam "SK 1908 Göggingen"]

1. Nf3 c5 2. b3 Nf6 3. Bb2 g6 4. Bxf6 exf6 5. c4 Bg7 6. Nc3 f5 7. Rc1 O-O 8. g3
Qa5 9. Nd5 Nc6 10. Qc2 d6 11. a4 Be6 12. Nf4 Nb4 13. Qd1 d5 14. cxd5 Bxd5 15.
Nxd5 Nxd5 16. Bg2 Rad8 17. Qc2 b6 18. O-O Rfe8 19. Rfe1 Nb4 20. Qb1 Qa6 21. Rc4
Qc8 22. Bf1 Qb7 23. Bg2 Qe7 24. Bf1 Nc6 25. d3 Qe6 26. Nd2 Ne5 27. Rcc1 f4 28.
Bg2 fxg3 29. hxg3 h5 30. Nf3 Nxf3+ 31. exf3 Qf5 32. Re4 Rxe4 33. dxe4 Qe6 34.
Rd1 Bd4 35. f4 h4 36. Rd3 Kg7 37. Qc2 Qg4 38. Kf1 hxg3 39. fxg3 Qh5 40. Bf3
Qh3+ 41. Qg2 Qe6 42. Qc2 a6 43. Bg2 b5 44. axb5 axb5 45. e5 Rd7 46. Rd2 Ra7 47.
Qd3 Ra1+ 48. Ke2 Ra3 49. Qxb5 Rxb3 50. Qc6 Re3+ 51. Kf1 Qc4+ 52. Kg1 Rxe5+ 53.
Kh2 Rh5+ 54. Bh3 Qf1 55. Qg2 Bg1+ 0-1

[Event "3. Arber-Open 2014"]
[Site "Bayerisch Eisenstein"]
[Date "2014.08.20"]
[Round "5.2"]
[White "Jansa, Vlastimil"]
[Black "Waddington, Mike P"]
[Result "1-0"]
[WhiteElo "2438"]
[BlackElo "2085"]
[PlyCount "113"]
[EventDate "2014.??.??"]
[WhiteTeam "SC Forchheim e.V."]
[BlackTeam "Dorchester"]

1. e4 e5 2. Nf3 Nc6 3. Bb5 Nf6 4. d3 Bc5 5. c3 d6 6. O-O O-O 7. Bg5 Bb6 8. Nbd2
Ne7 9. Bxf6 gxf6 10. Nh4 Ng6 11. Nf5 Kh8 12. Qf3 Rg8 13. g3 Nf4 14. Kh1 Ne6 15.
Rad1 d5 16. Ba4 c6 17. Bb3 Nc5 18. Bc2 Be6 19. d4 Nd7 20. Rfe1 Qf8 21. h4 Rd8
22. Qh5 Rg6 23. Nf3 c5 24. exd5 Bxd5 25. Kh2 cxd4 26. cxd4 Bc6 27. a4 Qb4 28.
d5 Bxa4 29. Re4 Bxc2 30. Rxb4 Bxd1 31. Nd6 Rf8 32. Ne4 Nc5 33. Nc3 Ba5 34. Rc4
Bxc3 35. bxc3 b6 36. Qf5 Rd8 37. h5 Rh6 38. Rg4 e4 39. Nd4 Bxg4 40. Qxg4 Rxd5
41. Nf5 Rxf5 42. Qxf5 Ne6 43. g4 Ng5 44. Kg3 Kg7 45. Kf4 Kf8 46. Ke3 Ke7 47.
Kd4 Kd8 48. Kd5 Kc7 49. Qf4+ Kb7 50. c4 a5 51. Qd6 Ne6 52. Qc6+ Ka7 53. Qd7+
Ka6 54. Kc6 Nc5 55. Qc8+ Ka7 56. Qc7+ Ka8 57. Qd8+ 1-0

[Event "3. Arber-Open 2014"]
[Site "Bayerisch Eisenstein"]
[Date "2014.08.20"]
[Round "5.3"]
[White "Kuba, Stanislav"]
[Black "Prusikin, Michael"]
[Result "0-1"]
[WhiteElo "2137"]
[BlackElo "2524"]
[PlyCount "82"]
[EventDate "2014.??.??"]
[WhiteTeam "SC Furth im Wald"]
[BlackTeam "TV Tegernsee"]

1. g3 e5 2. Bg2 d5 3. d3 Nc6 4. Nf3 f6 5. a3 Be6 6. b4 Qd7 7. Nbd2 Nh6 8. c4
dxc4 9. Nxc4 e4 10. Nfd2 exd3 11. O-O Bh3 12. Bxh3 Qxh3 13. exd3 O-O-O 14. Re1
Ng4 15. Nf1 h5 16. Be3 h4 17. Ra2 Nce5 18. Nxe5 Nxe5 19. d4 Qd7 20. Nd2 Qd5 21.
Rc2 hxg3 22. fxg3 Bxb4 23. dxe5 Rxh2 24. Qg4+ Kb8 25. Kxh2 Rh8+ 26. Qh3 Rxh3+
27. Kxh3 Bxa3 28. Bf4 g5 29. exf6 Qd7+ 30. Kg2 gxf4 31. Ne4 Bb4 32. Rec1 a5 33.
gxf4 Qg4+ 34. Ng3 Bd6 35. Rf1 a4 36. Re2 Qg6 37. Rf3 Qxf6 38. f5 a3 39. Ne4 Qe5
40. Ng3 Qd5 41. f6 a2 0-1

[Event "3. Arber-Open 2014"]
[Site "Bayerisch Eisenstein"]
[Date "2014.08.20"]
[Round "5.4"]
[White "Gschwendtner, Stanislav"]
[Black "Höfelsauer, Thomas"]
[Result "0-1"]
[WhiteElo "1987"]
[BlackElo "2257"]
[PlyCount "38"]
[EventDate "2014.??.??"]
[WhiteTeam "SC Bayerwald"]
[BlackTeam "SK München SO"]

1. c4 b6 2. Nc3 Bb7 3. e4 e6 4. d4 Bb4 5. Qc2 Qh4 6. Bd3 f5 7. g3 Qh5 8. a3
Bxc3+ 9. bxc3 Nf6 10. f3 fxe4 11. fxe4 O-O 12. Bf4 d6 13. d5 Nbd7 14. Qe2 Qxe2+
15. Kxe2 Nc5 16. Nf3 Nfxe4 17. Bxe4 Nxe4 18. Ke3 exd5 19. cxd5 Nxc3 0-1

[Event "3. Arber-Open 2014"]
[Site "Bayerisch Eisenstein"]
[Date "2014.08.20"]
[Round "5.5"]
[White "Meertens, Martin"]
[Black "Strangmueller, Andreas"]
[Result "1-0"]
[WhiteElo "2168"]
[BlackElo "2005"]
[PlyCount "77"]
[EventDate "2014.??.??"]
[WhiteTeam "Klub Kölner SF e.V. 1"]
[BlackTeam "SK Landshut"]

1. Nf3 d5 2. d4 Nf6 3. c4 c6 4. Nc3 dxc4 5. a4 Bf5 6. e3 e6 7. Bxc4 Bb4 8. O-O
Nbd7 9. Qe2 Bg6 10. Ne1 Nb6 11. Bb3 Nbd5 12. Bd2 Qa5 13. Rc1 Qb6 14. Bc4 O-O
15. Nd3 Be7 16. a5 Qd8 17. Ne5 Rc8 18. a6 b6 19. Rfd1 b5 20. Nxg6 hxg6 21. Nxd5
exd5 22. Bd3 Qb6 23. Ra1 b4 24. Rdc1 c5 25. dxc5 Rxc5 26. Rxc5 Bxc5 27. Qf3 Re8
28. h4 Ne4 29. Bxe4 dxe4 30. Qe2 Qf6 31. Qb5 Re5 32. Bxb4 Bb6 33. Qd7 Qxh4 34.
Qc8+ Kh7 35. Qh3 Qxh3 36. gxh3 Rh5 37. Bc3 Rxh3 38. Ra4 f5 39. Rb4 1-0

[Event "3. Arber-Open 2014"]
[Site "Bayerisch Eisenstein"]
[Date "2014.08.20"]
[Round "5.6"]
[White "Bader, Gerd"]
[Black "Haman, Jakub"]
[Result "1/2-1/2"]
[WhiteElo "2011"]
[BlackElo "2181"]
[PlyCount "162"]
[EventDate "2014.??.??"]
[WhiteTeam "SG Schwäbisch Gmünd 1872 e.V"]
[BlackTeam "SK Kladno"]

1. e4 c6 2. d3 d5 3. Nd2 e5 4. Ngf3 Bd6 5. d4 exd4 6. exd5 Ne7 7. Nxd4 Nxd5 8.
N2f3 O-O 9. Be2 Nf4 10. Bxf4 Bxf4 11. O-O c5 12. Nb5 a6 13. Qxd8 Rxd8 14. Rfd1
Nc6 15. Rxd8+ Nxd8 16. Nc3 Bf5 17. Nd5 Bd6 18. Nb6 Rb8 19. Rd1 Be7 20. Nd5 Bf8
21. Ne3 Be6 22. Ng5 b5 23. Nxe6 Nxe6 24. c3 g6 25. g3 c4 26. Ng4 Bg7 27. Rd5
Rc8 28. Ne3 Kf8 29. Kg2 Ke7 30. f4 Nc5 31. Kf3 Na4 32. Rd2 f5 33. h3 Rd8 34.
Rxd8 Kxd8 35. Nd1 Kd7 36. Ke3 Kd6 37. Kd2 h5 38. h4 Bf8 39. Bf3 Nc5 40. Nf2 Be7
41. Kc2 Bd8 42. b4 cxb3+ 43. axb3 Bb6 44. b4 Nd7 45. Nd3 a5 46. bxa5 Bxa5 47.
Kd2 Bd8 48. Bb7 Bf6 49. Ba6 Kc6 50. Bc8 Nf8 51. Nb4+ Kd6 52. Ba6 Kc5 53. Kd3
Ne6 54. Bc8 Kd6 55. Bxe6 Kxe6 56. c4 Be7 57. Nc2 b4 58. Nd4+ Kd6 59. Nb3 Bf6
60. Nd2 Bd8 61. Nf3 Bb6 62. Ne5 Bf2 63. Nxg6 Bxg3 64. Kc2 Kc5 65. Kb3 Be1 66.
Ne7 Bxh4 67. Nxf5 Be1 68. Ng7 h4 69. Ne6+ Kd6 70. Ng5 Bg3 71. f5 Ke7 72. c5 Kf6
73. Nh3 Be5 74. Kxb4 Kxf5 75. Kc4 Kg4 76. Ng1 Kg3 77. Kd3 Kg2 78. Ke4 Bc7 79.
Nf3 h3 80. Ne1+ Kg3 81. Nf3 Kg2 1/2-1/2

[Event "3. Arber-Open 2014"]
[Site "Bayerisch Eisenstein"]
[Date "2014.08.20"]
[Round "5.7"]
[White "Strasil, Pavel"]
[Black "Zepke, Armin"]
[Result "0-1"]
[WhiteElo "2132"]
[BlackElo "2105"]
[PlyCount "80"]
[EventDate "2014.??.??"]
[BlackTeam "SC Bayerwald"]

1. e4 c6 2. d4 d5 3. exd5 cxd5 4. Bd3 Nc6 5. c3 Qc7 6. h3 Nf6 7. Qe2 Nxd4 8.
Qd1 Nc6 9. Bg5 e5 10. Ne2 h6 11. Bxf6 gxf6 12. Ng3 Be6 13. Bf5 O-O-O 14. Qg4
Qd7 15. Bxe6 fxe6 16. Nd2 f5 17. Qa4 Kb8 18. Nb3 Rg8 19. Rg1 d4 20. O-O-O d3
21. Nf1 e4 22. Ne3 h5 23. Kb1 Ne5 24. Qa5 Nc6 25. Qa4 Ne5 26. Qa5 Qc7 27. Qa4
Bc5 28. Nxc5 Qxc5 29. g3 Rc8 30. Qb3 Nc4 31. Nxc4 Qxc4 32. Qxc4 Rxc4 33. Kc1
Kc7 34. Kd2 Kd6 35. Ke3 Ke5 36. f3 Rxg3 37. Rxg3 f4+ 38. Kf2 e3+ 39. Ke1 fxg3
40. Rxd3 g2 0-1

[Event "3. Arber-Open 2014"]
[Site "Bayerisch Eisenstein"]
[Date "2014.08.20"]
[Round "5.8"]
[White "Forgach, Andreas"]
[Black "Herbold, Manfred"]
[Result "0-1"]
[WhiteElo "1909"]
[BlackElo "2147"]
[PlyCount "66"]
[EventDate "2014.??.??"]
[WhiteTeam "Kasseler SK 1876"]
[BlackTeam "TSV Hütschenhausen"]

1. e4 c5 2. Nf3 a6 3. d4 cxd4 4. Nxd4 Nf6 5. Nc3 e5 6. Nf3 Bb4 7. Bc4 Qc7 8.
Qd3 b5 9. Bd5 Nxd5 10. exd5 Bxc3+ 11. bxc3 d6 12. O-O Nd7 13. Be3 Nc5 14. Bxc5
Qxc5 15. Ng5 Bd7 16. Ne4 Qc7 17. f4 f6 18. fxe5 dxe5 19. Qg3 Qb6+ 20. Kh1 O-O
21. c4 Qd4 22. Rae1 Kh8 23. cxb5 axb5 24. Rf3 Qxd5 25. Rd3 Qf7 26. Red1 Rxa2
27. h3 Bc6 28. Nd6 Qg6 29. Qf2 h6 30. Nf5 Be4 31. Nh4 Qh5 32. R3d2 Rxc2 33.
Rxc2 Qxd1+ 0-1

[Event "3. Arber-Open 2014"]
[Site "Bayerisch Eisenstein"]
[Date "2014.08.20"]
[Round "5.9"]
[White "Cap, Adam"]
[Black "Reuter, Roland"]
[Result "1-0"]
[WhiteElo "2080"]
[BlackElo "2007"]
[PlyCount "125"]
[EventDate "2014.??.??"]
[WhiteTeam "SK Kladno"]
[BlackTeam "SK Schwabach 1907 e.V."]

1. e4 c5 2. Nf3 d6 3. d4 cxd4 4. Nxd4 Nf6 5. Nc3 g6 6. Be3 Bg7 7. f3 Nc6 8. Qd2
Bd7 9. O-O-O h5 10. h4 Rc8 11. Nd5 Nxd5 12. exd5 Ne5 13. Kb1 a6 14. Bg5 Qb6 15.
Qe3 O-O 16. Nf5 Qxe3 17. Nxe3 Rfe8 18. Be2 b5 19. g4 hxg4 20. fxg4 Nc4 21. Nxc4
bxc4 22. Be3 e6 23. Bd4 exd5 24. Bf3 Be6 25. c3 Bxd4 26. Rxd4 Rc5 27. Rhd1 Rb5
28. Kc1 Reb8 29. R1d2 Kf8 30. h5 gxh5 31. gxh5 Ke7 32. a4 Ra5 33. Bxd5 Rxa4 34.
Bxe6 Ra1+ 35. Kc2 fxe6 36. Rxd6 Rh8 37. Rd7+ Kf6 38. Rf2+ Ke5 39. Re2+ Kf6 40.
Rf2+ Ke5 41. Rh2 Rh6 42. Rh4 Ra5 43. Rxc4 Rxh5 44. b4 Rh2+ 45. Kb3 Rb5 46. Ra7
Kd5 47. Rd4+ Ke5 48. Rxa6 Kf5 49. c4 Re5 50. c5 Re3+ 51. Kc4 e5 52. Rd8 e4 53.
Rf8+ Ke5 54. Re8+ Kf5 55. Rae6 Rb2 56. b5 Rc2+ 57. Kd5 Rec3 58. Re5+ Kf6 59.
Kd6 e3 60. b6 e2 61. b7 Rb3 62. Rf8+ Kg7 63. b8=Q 1-0

[Event "3. Arber-Open 2014"]
[Site "Bayerisch Eisenstein"]
[Date "2014.08.20"]
[Round "5.10"]
[White "Miesbauer, Jan"]
[Black "Pingitzer, Guenther"]
[Result "1-0"]
[WhiteElo "2006"]
[BlackElo "1880"]
[PlyCount "91"]
[EventDate "2014.??.??"]
[WhiteTeam "SC Bayerwald Regen/Zwiesel e.V."]
[BlackTeam "_Österrreich_"]

1. e4 Nf6 2. e5 Nd5 3. d4 d6 4. c4 Nb6 5. exd6 exd6 6. Nc3 Be7 7. Be3 Bf6 8.
Rc1 Nc6 9. Be2 O-O 10. d5 Ne5 11. b3 Bf5 12. Nb5 Re8 13. Nd4 Bg6 14. Nh3 h6 15.
O-O Nbd7 16. Re1 a5 17. a3 Nc5 18. Nf4 Bh7 19. b4 axb4 20. axb4 Na6 21. Qd2 Nd7
22. Bg4 Bxd4 23. Bxd4 Ne5 24. Be2 Qg5 25. Be3 Qf5 26. c5 g5 27. Nh5 Bg6 28. Ng3
Qd7 29. f4 Ng4 30. Bd4 gxf4 31. Qxf4 Ne5 32. Nh5 Bxh5 33. Bxh5 Kh7 34. Be3 Rh8
35. Qxh6+ Kg8 36. Qg5+ Kf8 37. Bd4 Nxb4 38. Ra1 Rxa1 39. Rxa1 Na6 40. c6 Qe7
41. Qf5 Nb8 42. cxb7 Qh4 43. Bxe5 Rxh5 44. Qc8+ Ke7 45. Qxc7+ Nd7 46. Qxd6+ 1-0

[Event "3. Arber-Open 2014"]
[Site "Bayerisch Eisenstein"]
[Date "2014.08.20"]
[Round "5.11"]
[White "Kottmair, Toni"]
[Black "Fuchs, Benno"]
[Result "1-0"]
[WhiteElo "2259"]
[BlackElo "1790"]
[PlyCount "107"]
[EventDate "2014.??.??"]
[WhiteTeam "SK Königsbrunn"]
[BlackTeam "SF Botv. Steinsfurt"]

1. e4 d6 2. d4 Nf6 3. Nc3 g6 4. f3 Bg7 5. Be3 c6 6. Qd2 b5 7. Nge2 b4 8. Nd1 a5
9. a3 Na6 10. Nc1 O-O 11. Be2 c5 12. dxc5 dxc5 13. Qxd8 Rxd8 14. Nb3 bxa3 15.
Rxa3 Nb4 16. Na1 Bb7 17. O-O Nd7 18. c3 Nc6 19. Nb3 Ba6 20. Bxa6 Rxa6 21. Nxc5
Nxc5 22. Bxc5 e6 23. Ne3 Ne5 24. Bd4 Nd3 25. Bxg7 Kxg7 26. Rd1 Rad6 27. Nc4
R6d7 28. Rxa5 Rb8 29. Rd2 Rc7 30. Rxd3 Rxc4 31. b4 Rbc8 32. Ra3 Kf6 33. Kf2 g5
34. Ke3 h6 35. Kd2 Ke5 36. Ra5+ Kf6 37. Ra2 Ke5 38. Rb2 g4 39. Ke3 gxf3 40.
gxf3 Rxc3 41. f4+ Kf6 42. Rxc3 Rxc3+ 43. Kd4 Rc8 44. b5 Ke7 45. b6 Kd6 46. b7
Rb8 47. Rb6+ Kd7 48. Kc5 Kc7 49. Rc6+ Kd7 50. Kb6 f6 51. e5 fxe5 52. fxe5 h5
53. Rd6+ Ke7 54. Kc7 1-0

[Event "3. Arber-Open 2014"]
[Site "Bayerisch Eisenstein"]
[Date "2014.08.20"]
[Round "5.12"]
[White "Ptacnik, Stanislav"]
[Black "Leeb, Jonas"]
[Result "1/2-1/2"]
[WhiteElo "2091"]
[BlackElo "1897"]
[PlyCount "136"]
[EventDate "2014.??.??"]
[BlackTeam "SK München SO"]

1. e4 d6 2. d4 Nf6 3. Nc3 e5 4. Nf3 Nbd7 5. Be2 Be7 6. O-O O-O 7. a4 a5 8. h3
h6 9. b3 c6 10. Ba3 Re8 11. Qd2 exd4 12. Nxd4 Nc5 13. Bf3 Qb6 14. Rae1 Bf8 15.
Bb2 Qb4 16. Re2 Ne6 17. Nxe6 Rxe6 18. Ra1 Qc5 19. Nd1 Qb6 20. Bd4 Qc7 21. c4
Bd7 22. Qc2 Rae8 23. Nc3 Qd8 24. g3 Nh7 25. Bg2 Rg6 26. Kh2 Ng5 27. f4 Ne6 28.
Bf2 Nc5 29. f5 Rf6 30. Bd4 Na6 31. Rd1 Nb4 32. Qd2 d5 33. Bxf6 Qxf6 34. cxd5
cxd5 35. Nxd5 Nxd5 36. Qxd5 Bxf5 37. Rf1 Be6 38. Rxf6 Bxd5 39. Rf5 Bxb3 40.
Rxa5 Bc4 41. Rb2 Rb8 42. Ra7 b5 43. axb5 Rxb5 44. Rxb5 Bxb5 45. e5 Bc4 46. Rd7
Ba3 47. Bd5 Bxd5 48. Rxd5 Kf8 49. Kg2 Ke7 50. Kf3 Ke6 51. Ra5 Bb2 52. Kf4 Bc1+
53. Ke4 f5+ 54. exf6 Kxf6 55. Ra6+ Kg5 56. h4+ Kh5 57. Ke5 Bd2 58. Ra2 Bc1 59.
Rc2 Be3 60. Ke4 Bb6 61. Kf4 Bd4 62. g4+ Kg6 63. Rc6+ Kh7 64. Kf5 Bf2 65. h5 Be3
66. Ke6 Bg5 67. Kf7 Bd2 68. Rg6 Bc3 1/2-1/2

[Event "3. Arber-Open 2014"]
[Site "Bayerisch Eisenstein"]
[Date "2014.08.20"]
[Round "5.13"]
[White "Zellner, Richard"]
[Black "Völz, Stephan"]
[Result "1/2-1/2"]
[WhiteElo "2143"]
[BlackElo "1946"]
[PlyCount "87"]
[EventDate "2014.??.??"]
[WhiteTeam "SG Schw München N"]
[BlackTeam "Muldental Wilkau-Haßlau"]

1. Nf3 Nf6 2. c4 e6 3. Nc3 d5 4. d4 c6 5. e3 Nbd7 6. Bd3 dxc4 7. Bxc4 Bd6 8. e4
e5 9. O-O O-O 10. Bg5 Qe7 11. Re1 Nb6 12. Bb3 Bg4 13. dxe5 Bxe5 14. h3 Rad8 15.
Qe2 Bxf3 16. Qxf3 Rd6 17. Rad1 Rfd8 18. Rxd6 Rxd6 19. Qe2 h6 20. Bc1 Rd8 21. f4
Bd4+ 22. Kh1 Bxc3 23. bxc3 Qc5 24. e5 Nfd5 25. e6 fxe6 26. Qxe6+ Kh8 27. f5
Qxc3 28. Bxh6 Qf6 29. Bc1 Qxe6 30. Rxe6 c5 31. Bg5 Rc8 32. Bc2 c4 33. h4 Nb4
34. Be4 N6d5 35. h5 c3 36. Bxd5 Nxd5 37. Rd6 Nf6 38. h6 c2 39. hxg7+ Kh7 40.
Rxf6 c1=Q+ 41. Bxc1 Rxc1+ 42. Kh2 Kxg7 43. Rd6 Rc2 44. a4 1/2-1/2

[Event "3. Arber-Open 2014"]
[Site "Bayerisch Eisenstein"]
[Date "2014.08.20"]
[Round "5.14"]
[White "Moutaqi, Sandra"]
[Black "Pliev, Vladimir"]
[Result "1/2-1/2"]
[WhiteElo "2069"]
[BlackElo "2011"]
[PlyCount "37"]
[EventDate "2014.??.??"]
[WhiteTeam "PSV Ludwigslust"]

1. d4 Nf6 2. c4 g6 3. Nc3 d5 4. cxd5 Nxd5 5. e4 Nxc3 6. bxc3 Bg7 7. Nf3 c5 8.
Bb5+ Nd7 9. O-O O-O 10. Qe2 Qc7 11. Bg5 Nf6 12. Rac1 a6 13. Bd3 Rd8 14. h3 Be6
15. d5 Bd7 16. c4 h6 17. Bh4 Re8 18. e5 Nh5 19. Qe3 1/2-1/2

[Event "3. Arber-Open 2014"]
[Site "Bayerisch Eisenstein"]
[Date "2014.08.20"]
[Round "5.15"]
[White "Bergmann, Reiner"]
[Black "Kolb, Wolfgang"]
[Result "0-1"]
[WhiteElo "1851"]
[BlackElo "2064"]
[PlyCount "58"]
[EventDate "2014.??.??"]
[WhiteTeam "SC Bayerwald"]
[BlackTeam "SK Königsbrunn"]

1. e4 c6 2. d4 d5 3. exd5 cxd5 4. Nc3 Nc6 5. Bd3 Nf6 6. Nge2 Bg4 7. f3 Bd7 8.
Bf4 Nb4 9. O-O a6 10. a3 Nxd3 11. Qxd3 e6 12. Rac1 b5 13. Nd1 Be7 14. Nf2 O-O
15. Ng4 Nxg4 16. fxg4 a5 17. Rf3 Bg5 18. Rcf1 Bxf4 19. Nxf4 Qg5 20. Nh5 Qg6 21.
Qd2 f5 22. Nf4 Qxg4 23. Rg3 Qh4 24. Qe2 Rae8 25. Rh3 Qf6 26. c3 g5 27. Qh5 Re7
28. Nd3 g4 29. Rg3 Be8 0-1

[Event "3. Arber-Open 2014"]
[Site "Bayerisch Eisenstein"]
[Date "2014.08.20"]
[Round "5.16"]
[White "Schleich, Theodor"]
[Black "Schröder, Stefan"]
[Result "1-0"]
[WhiteElo "2035"]
[BlackElo "1845"]
[PlyCount "53"]
[EventDate "2014.??.??"]
[WhiteTeam "SK Siemens München"]
[BlackTeam "Airbus Helicopters SG"]

1. d4 Nf6 2. Bg5 d5 3. e3 Bf5 4. Bd3 Bxd3 5. Qxd3 c6 6. Nd2 Nbd7 7. Ngf3 e6 8.
O-O Be7 9. c4 O-O 10. Rac1 Nh5 11. Bxe7 Qxe7 12. e4 dxe4 13. Nxe4 Nhf6 14. Nc3
Rfd8 15. Rfe1 Qd6 16. Rcd1 Qc7 17. Qe2 Qf4 18. g3 Qg4 19. Kg2 Nb6 20. b3 Re8
21. Qe3 Qh5 22. h3 Rad8 23. Ne5 Nbd7 24. g4 Qh4 25. Nf3 Qh6 26. g5 Qg6 27. Nh4
1-0

[Event "3. Arber-Open 2014"]
[Site "Bayerisch Eisenstein"]
[Date "2014.08.20"]
[Round "5.17"]
[White "Johanssen, Torsten"]
[Black "Desoye, Gernot"]
[Result "1/2-1/2"]
[WhiteElo "1915"]
[BlackElo "1941"]
[PlyCount "38"]
[EventDate "2014.??.??"]
[WhiteTeam "vereinslos"]
[BlackTeam "SF Graz"]

1. c4 e5 2. Nc3 Nc6 3. Nf3 d6 4. d4 exd4 5. Nxd4 Nge7 6. e4 g6 7. Be3 Bg7 8.
Be2 O-O 9. O-O f5 10. exf5 Nxf5 11. Nxf5 Bxf5 12. Qd5+ Kh8 13. Rac1 Re8 14.
Rfe1 Rb8 15. Qd2 Qh4 16. Nb5 Qe7 17. Bf1 Qf7 18. Nd4 Nxd4 19. Bxd4 b6 1/2-1/2

[Event "3. Arber-Open 2014"]
[Site "Bayerisch Eisenstein"]
[Date "2014.08.20"]
[Round "5.18"]
[White "Gil, Arthur"]
[Black "Schumacher, Ralph"]
[Result "1-0"]
[WhiteElo "2032"]
[BlackElo "1606"]
[PlyCount "41"]
[EventDate "2014.??.??"]
[WhiteTeam "SU Ebersberg-Grafing"]
[BlackTeam "SFB Steinsfurt"]

1. e4 b6 2. d4 Bb7 3. Bd3 e6 4. Nc3 a6 5. Nf3 h6 6. Bf4 d6 7. Qd2 Ne7 8. O-O-O
Nd7 9. Kb1 g6 10. h4 Bg7 11. Rhg1 Nc6 12. d5 Nd4 13. Nxd4 Bxd4 14. dxe6 fxe6
15. e5 Nxe5 16. Bxa6 Bxc3 17. Qxc3 Bd5 18. Bb5+ c6 19. Bxc6+ Ke7 20. Bxe5 Bxa2+
21. Kc1 1-0

[Event "3. Arber-Open 2014"]
[Site "Bayerisch Eisenstein"]
[Date "2014.08.20"]
[Round "5.19"]
[White "Fernandez-Alvarez, Raul"]
[Black "Grabmeier, Johannes"]
[Result "0-1"]
[WhiteElo "1723"]
[BlackElo "1914"]
[PlyCount "90"]
[EventDate "2014.??.??"]
[WhiteTeam "SG Schw München Nord e.V."]
[BlackTeam "SV Deggendorf"]

1. e4 b6 2. d4 Bb7 3. Nc3 e6 4. Bd3 Bb4 5. Nf3 Nf6 6. Qe2 d5 7. e5 Ne4 8. Bd2
Nxd2 9. Qxd2 c5 10. a3 Bxc3 11. bxc3 Ba6 12. O-O Bxd3 13. Qxd3 c4 14. Qe3 Nc6
15. Nd2 h5 16. f4 Ne7 17. Qh3 Nf5 18. g4 Qh4 19. Qxh4 Nxh4 20. h3 hxg4 21. hxg4
Rh6 22. Kf2 Ke7 23. Rh1 Rah8 24. Rag1 Ng6 25. Rxh6 Rxh6 26. Kg3 Kd7 27. Nf3 Ne7
28. Ng5 f6 29. Nf7 Rh7 30. Nd6 g6 31. a4 f5 32. g5 Nc8 33. Nxc8 Kxc8 34. Rb1
Kb7 35. a5 Ka6 36. axb6 axb6 37. Kg2 Kb7 38. Rh1 Rxh1 39. Kxh1 Ka6 40. Kg2 Ka5
41. Kf2 Ka4 42. Ke2 Ka3 43. Ke1 Ka2 44. Ke2 Kb2 45. Kd2 b5 0-1

[Event "3. Arber-Open 2014"]
[Site "Bayerisch Eisenstein"]
[Date "2014.08.20"]
[Round "5.20"]
[White "Jenisch, Achim"]
[Black "Drews, Rüdiger"]
[Result "1/2-1/2"]
[WhiteElo "1830"]
[BlackElo "1899"]
[PlyCount "48"]
[EventDate "2014.??.??"]
[WhiteTeam "SF Botv. Steinsfurt"]
[BlackTeam "Mosbacher SC von 1931"]

1. d4 Nf6 2. c4 e6 3. Nf3 d5 4. g3 Be7 5. Bg2 O-O 6. O-O c6 7. Nfd2 Nbd7 8. Nc3
b6 9. e4 Bb7 10. Re1 Rc8 11. a4 c5 12. cxd5 exd5 13. exd5 cxd4 14. d6 Bxd6 15.
Bxb7 dxc3 16. Bxc8 cxd2 17. Qxd2 Nc5 18. Qd1 Qxc8 19. Qxd6 Rd8 20. Qf4 Nd3 21.
Qd2 Nxe1 22. Qxe1 Qc2 23. Bf4 Qxb2 24. Be5 Qd2 1/2-1/2

[Event "3. Arber-Open 2014"]
[Site "Bayerisch Eisenstein"]
[Date "2014.08.20"]
[Round "5.21"]
[White "Ranker, Klemens"]
[Black "Schulz, Gerhard"]
[Result "0-1"]
[WhiteElo "1925"]
[BlackElo "1792"]
[PlyCount "120"]
[EventDate "2014.??.??"]
[WhiteTeam "SC Hauptstuhl"]
[BlackTeam "PSV Ludwigslust"]

1. e4 e5 2. Nf3 Nf6 3. Nc3 Nc6 4. Bb5 d6 5. h3 Be7 6. O-O O-O 7. d3 h6 8. Ne2
Bd7 9. Ng3 a6 10. Ba4 b5 11. Bb3 Na5 12. Nh2 Nxb3 13. axb3 Be6 14. f4 exf4 15.
Rxf4 Nh7 16. Nf5 Bg5 17. Rf3 d5 18. Qf1 dxe4 19. dxe4 Bxf5 20. exf5 Qe7 21. Ng4
Rfe8 22. f6 Qe1 23. fxg7 Qxf1+ 24. Rxf1 Kxg7 25. Bxg5 hxg5 26. Rf5 f6 27. Rc5
Re7 28. Rc6 a5 29. Rc5 a4 30. bxa4 bxa4 31. Rc4 f5 32. Nf2 Nf6 33. Nd3 Nd5 34.
Rcxa4 Rxa4 35. Rxa4 Re2 36. Rd4 c6 37. c3 Ne3 38. Rd7+ Kf8 39. Ne5 Rxg2+ 40.
Kh1 Rxb2 41. Nxc6 Rc2 42. Rd3 f4 43. Nd4 Rc1+ 44. Kh2 Kf7 45. Nb5 Ke6 46. Rd4
Ke5 47. Ra4 Rc2+ 48. Kh1 f3 49. Nd4 f2 50. Ra1 Rxc3 51. Nf3+ Kf4 52. Nd4 Rd3
53. Ne6+ Kf5 54. Ng7+ Ke5 55. Nh5 f1=Q+ 56. Rxf1 Nxf1 57. Kg2 Ne3+ 58. Kg3 Nd5+
59. Kg4 Nf6+ 60. Kxg5 Nxh5 0-1

[Event "3. Arber-Open 2014"]
[Site "Bayerisch Eisenstein"]
[Date "2014.08.20"]
[Round "5.22"]
[White "Weidenhöfer, Robert"]
[Black "Kleinhenz, Hans-Georg"]
[Result "1/2-1/2"]
[WhiteElo "1718"]
[BlackElo "1837"]
[PlyCount "55"]
[EventDate "2014.??.??"]
[WhiteTeam "SW Nürnberg Süd e.V."]
[BlackTeam "Stolberger SV 1927"]

1. b3 e5 2. Bb2 Nc6 3. e3 Nf6 4. Bb5 Bd6 5. Nf3 Qe7 6. O-O a6 7. Be2 O-O 8. d4
e4 9. Nfd2 Re8 10. c4 b6 11. Nc3 Ba3 12. Bxa3 Qxa3 13. Bg4 Nxg4 14. Qxg4 Qf8
15. Nd5 f5 16. Qg3 Ra7 17. f3 exf3 18. Rxf3 d6 19. Raf1 Ne7 20. Nf4 g6 21. d5
Kh8 22. Qg5 Qg7 23. Rh3 c5 24. Nf3 Rf8 25. Rh6 Rf6 26. Nh4 Kg8 27. Nf3 Kf8 28.
Rh3 1/2-1/2